Kitab al-shi`r wa-al-shu`ara' wa-qila tabaqat al-shu`ara' /
محفوظ في:
المؤلف الرئيسي:
مؤلفون آخرون:
التنسيق: كتاب
اللغة: Arabic
منشور في:
Lugduni-Batavorum :
E. J. Brill,
1904.
الموضوعات:
الوسوم: إضافة وسم
لا توجد وسوم, كن أول من يضع وسما على هذه التسجيلة!
رقم الطلب: PJ7745 .I2 S5 1904
| LEADER | 01386nam a2200265Ia 4500 | ||
|---|---|---|---|
| 003 | OSt | ||
| 005 | 20231114103203.0 | ||
| 008 | 130303s1904 ne 000 0 ara d | ||
| 952 | |0 0 |1 0 |2 lcc |4 0 |6 PJ7745 I2 S5 01904 |7 1 |9 56022 |a ARCE |b ARCE |d 2023-11-14 |l 0 |o PJ7745 .I2 S5 1904 |p 1031905 |r 2023-11-14 00:00:00 |w 2023-11-14 |y BK | ||
| 999 | |c 23984 |d 23984 | ||
| 040 | |c ARCE Library | ||
| 050 | 4 | |a PJ7745 .I2 S5 1904 | |
| 100 | 1 | |6 880-01 |a Ibn Qutaybah, ʿAbd Allāh ibn Muslim, |d 828-889, |e author | |
| 245 | 1 | 0 | |6 880-02 |a Kitab al-shi`r wa-al-shu`ara' wa-qila tabaqat al-shu`ara' / |c ʻAbd Allāh ibn Muslim Ibn Qutaybah ; M. J. de Goeje. |
| 264 | 1 | |a Lugduni-Batavorum : |b E. J. Brill, |c 1904. | |
| 300 | |a liii, 591 pages ; |c 26 cm. | ||
| 500 | |a Added t.p.: Liber poesis et poetarum. | ||
| 650 | 0 | |a Arabic poetry |y 750-1258. | |
| 650 | 0 | |a Arabic poetry. |x History and criticism. | |
| 700 | 1 | |a Goeje, M. J. de |q (Michael Jan), |d 1836-1909. |9 30863 | |
| 740 | |a Tabaqat al-shu`ara'. | ||
| 880 | 1 | |6 100-01/(3/r |a ابن قتيبة، عبد الله بن مسلم، |d 828-889. | |
| 880 | 1 | 0 | |6 245-02/(3/r |a كتاب الشعر و الشعراء و قيل طبقات الشعراء |c أبي محمد عبد الله بن مسلم ابن قتيبة ؛ ميخائيل يان دىي خويه. |
| 901 | |a reviewed | ||
| 942 | |c BK |2 lcc | ||
